000 00767cas a2200217 a 4500
082 0 0 _a621.175
_bPRO
_cL-37, P-122
245 1 0 _aProgress in wind engineering :
_bproceedings of the 8th International Conference on Wind Engineering.
260 _aAmsterdam ;
_aNew York :
_bElsevier,
_c1992.
300 _a4 vol. :
_bill. ;
_c25 cm.
500 _aMCE
526 _a0
_b0
_c0
_d621_000000000000000_175PRO
526 _a0
_b0
_c0
_d621_000000000000000_175PRO
526 _a0
_b0
_c0
_d621_175000000000000_PRO
526 _a0
_b0
_c0
_d621_175000000000000_PRO
590 _aSERBIB/SERLOC merged record
650 0 _aMCE
_9379
650 0 _aWind-pressure
_91131
650 0 _aWinds
_947330
710 2 _aInternational Association for Wind Engineering.
_947331
942 _2ddc
_cBK
999 _c550615
_d550615